Statistiques concernant Pokémon - Les attaques de Coupenotte

Cliquez ici pour prendre le quiz!

Statistiques générales

  • Ce quiz a été pris 5 fois
  • Le résultat moyen est 13 sur 18

Statistiques - réponses

NiveauxTypesNoms des attaques% Correct
Niveau 39NormalDanse Lames
100%
Niveau 18DragonDraco-Griffe
100%
DépartNormalGriffe
100%
Niveau 15NormalTranche
100%
Niveau 9TénèbresAssurance
75%
Niveau 42DragonColère
75%
Niveau 27DragonDanse Draco
75%
Niveau 30DragonDouble Baffe
75%
Niveau 36DragonDraco-Choc
75%
Niveau 21NormalGrimace
75%
DépartNormalGroz'Yeux
75%
Niveau 24TénèbresMâchouille
75%
Niveau 3TénèbresMorsure
75%
Niveau 48NormalGiga Impact
50%
Niveau 45NormalGuillotine
50%
Niveau 12TénèbresProvoc
50%
Niveau 33NormalAffilage
25%
Niveau 6NormalFaux-Chage
25%

Distribution des résultats

Percentile par nombre de réponses

% des personnes avec chaque résultat

Votre développement - résultats

Vous n’avez pas pris ce quiz